Normale Ansicht MARC-Ansicht ISBD

Punk-Barock in Brandenburg (Titelsatznr. 373676)

[ MARC ]
MARC-Details
000 -Satzkennung
Kontrollfeld mit fester Länge 01543nam a2200205 4500
008 - Feld mit fester Länge zur physischen Beschreibung - Allgemeine Angaben
Kontrollfeld mit fester Länge 201207b ||||| |||| 00| 0 eng d
040 ## - Katalogisierungsquelle
Katalogisierungssprache ger
Übertragungsstelle DE-2950
Beschreibungsfestlegungen rda
Original-Katalogisierungsstelle DE-2950
041 ## - Sprachcode
Sprachcode des Textes/der Tonspur oder des separaten Titels ger
245 ## - Titel
Haupttitel Punk-Barock in Brandenburg
264 ## - Veröffentlichungsangabe, Vertriebsangabe, Herstellungsangabe
Erscheinungs-, Vertriebs-, Herstellungsdatum 2024
490 ## - Gesamttitelangabe
Haupttitel der Reihe/Unterreihe Die Mark Brandenburg
Zählung Heft 135: Punk-Barock in Brandenburg
500 ## - Anmerkung
Allgemeine Anmerkung Darin: Musikgeschichte in Brandenburg von Wolfgang Korr, S. 2; Mit Wacholder und Rumpelstolz zu Miri Mehrstimmig: Folks-Musik in Brandenburg von Marcel Piethe, S. 8; Gelehrter Spötter - Friedrich Wilhelm Marpurg von Irmgard Gellerich, S. 12; Die Brüder Graun in der Mark von Claudia Terne, S. 16; Ein "Piefke" für Preussens Gloria - der Militärmusiker und Komponist Johann Gottfried Piefke von Achim Hofer, S. 20; Steige hoch, du roter Adler - oder eine neue Hymne für Brandenburg? von Bernhard Barth, S. 24; Engelsstimmen und Walküren - Lotte Lehmann und Adele Stolte von Wolf Vogelsang, S. 28; Rudy Kansy - Im Chor mit Akkordeon und Mick Jagger von Heinrich Glöss, S. 32; Brandenburg-Blues - Mit Monokel und Keimzeit durch die DDR von Fabian Lehmann, S. 36; "Born in the G.D.R." - Das "Satisfaction" der Ostzone von Jörg Tudyka, S. 40; Düsterbusch City-Lights - Anarchie unter dem Dach der FDJ von Alexander Kühne, S. 44
653 ## - Lokales Schlagwort
Nicht-normierter Term Brandenburg <Land>
653 ## - Lokales Schlagwort
Nicht-normierter Term Musik
773 ## - Übergeordnete Einheit
Ort, Verlag und Erscheinungsjahr Berlin: Die Mark Brandenburg - Verlag für Regional- und Zeitgeschichte
Verknüpfungsangaben (2024) Heft 135
Titel Die Mark Brandenburg
942 ## - Zusätzliche Felder (Koha)
Koha-Medientyp Aufsätze
Exemplare
Ausgeschieden Verloren Beschädigt Nicht entleihbar Permanenter Standort Aktueller Standort Aufstellungsort Eingabedatum Anzahl Ausleihen Signatur Letzte Aktivität Preis gültig von Medientyp
        Stadtarchiv Frankfurt (Oder) | Archivbibliothek Stadtarchiv Frankfurt (Oder) | Archivbibliothek Lesesaal 31/03/2025   BbR II 136 31/03/2025 31/03/2025 Aufsätze